[Event "TCh-ISL 2012-13"]
[Site "Reykjavik ISL"]
[Date "2012.10.07"]
[Round "4.1"]
[White "Hreinsson,H"]
[Black "Bekker Jensen,S"]
[Result "0-1"]
[WhiteElo "2255"]
[BlackElo "2402"]

1.e4 c5 2.c3 Nf6 3.e5 Nd5 4.d4 cxd4 5.Nf3 Nc6 6.cxd4 d6 7.Nc3 dxe5 8.dxe5 Nxc3
9.Qxd8+ Nxd8 10.bxc3 Bd7 11.Nd4 Rc8 12.Be3 e6 13.Kd2 Bc5 14.Bb5 Nc6 15.Bxc6 Bxc6
16.Nxc6 Bxe3+ 17.Kxe3 Rxc6 18.Rhc1 Ke7 19.Rab1 b6 20.Rb3 Rhc8 21.Ra3 R8c7
22.c4 Rc5 23.Kd4 g5 24.Rc2 h5 25.g3 g4 26.f4 gxf3 27.Rxf3 Rd7+ 28.Ke4 Rd1
29.Ra3 Rc7 30.Rd3 Re1+ 31.Re3 Ra1 32.Rd3 Kf8 33.Ra3 Kg7 34.Re3 Kg6 35.h3 Rd1
36.g4 hxg4 37.hxg4 Kg5 38.Ra3 Rg1 39.Rf3 Rxg4+ 40.Kd3 Rf4 41.Re3 Kf5  0-1

[Event "TCh-SWE Elite 2012-13"]
[Site "Sweden SWE"]
[Date "2012.10.07"]
[Round "3"]
[White "Arnelind,M"]
[Black "Pettersson,Anders1"]
[Result "0-1"]
[WhiteElo "2173"]
[BlackElo "2274"]

1.e4 c5 2.c3 Nf6 3.e5 Nd5 4.d4 cxd4 5.Nf3 e6 6.cxd4 d6 7.Bc4 Nc6 8.O-O Nb6
9.Bd3 d5 10.Nc3 Be7 11.Bc2 a6 12.Re1 Bd7 13.Qd2 h6 14.Qf4 g5 15.Qg3 Qc7 16.Be3 O-O-O
17.Rec1 f5 18.exf6 Qxg3 19.hxg3 Bxf6 20.Na4 Nc4 21.Bd3 Nxe3 22.fxe3 Kb8 23.Nc5 g4
24.Nh2 Bg5 25.Nf1 Ne7 26.Rc3 Bc8 27.Be2 h5 28.b4 Nf5 29.a4 Rhe8 30.b5 a5
31.Nb3 e5 32.dxe5 Rxe5 33.Ra2 Nxe3 34.Nxa5 d4 35.Rca3 Be6 36.Rb2 Be7 37.Rd3 Bf5
38.Rdd2 d3 39.Nxe3 Rxe3 40.Bf1 Bf6 41.Rb1 Bc3 42.Rf2 Be6 43.Bxd3 Rexd3 44.Nb3 Bxb3
45.Rxb3 Bd4  0-1

[Event "TCh-Belgrade Premier 2012"]
[Site "Belgrade SRB"]
[Date "2012.10.10"]
[Round "9.2"]
[White "Hrzic,I"]
[Black "Nenezic,M"]
[Result "1/2-1/2"]
[WhiteElo "2290"]
[BlackElo "2345"]

1.e4 c5 2.c3 Nf6 3.e5 Nd5 4.d4 cxd4 5.Nf3 Nc6 6.cxd4 d6 7.Bc4 e6 8.Qe2 Be7
9.O-O O-O 10.Nc3 Nxc3 11.bxc3 dxe5 12.dxe5 Qa5 13.Qe4 Qa4 14.Rb1 Na5 15.Bd3 Qxe4
16.Bxe4 Rb8 17.Be3 b6 18.Rfd1 Bb7 19.Nd2 Rfd8 20.Bxb7 Rxb7 21.Nb3 Rxd1+ 22.Rxd1 Nc4
23.Bd4 Rd7 24.Re1 h5 25.h3 h4 26.Kf1 Rd5 27.Re2 Bg5 28.Re4 Kh7 29.f4 Be7
30.Ke2 Kg6 31.Bf2 b5 32.Rd4 Nb6 33.Kf3 a6 34.Kg4 Rxd4 35.Nxd4 Nd5 36.f5+ exf5+
37.Nxf5 Bd8 38.Bd4 Ba5 39.Nxh4+ Kh7 40.Kf3 Nxc3 41.Bxc3 Bxc3 42.Ke4 Kg8 43.Nf3 Kf8
44.Kd5 Ke7 45.Ng1  1/2-1/2

[Event "7th Americas Continental 2012"]
[Site "Mar del Plata ARG"]
[Date "2012.10.12"]
[Round "1.4"]
[White "Restuccia,F"]
[Black "Leitao,R"]
[Result "0-1"]
[WhiteElo "2118"]
[BlackElo "2617"]

1.e4 c5 2.c3 Nf6 3.e5 Nd5 4.d4 cxd4 5.Qxd4 e6 6.Nf3 Nc6 7.Qe4 f5 8.Qe2 Qc7
9.g3 d6 10.exd6 Bxd6 11.Bg2 O-O 12.O-O Nf6 13.Na3 Bxa3 14.bxa3 e5 15.Re1 e4
16.Nd4 Nxd4 17.cxd4 Be6 18.Bf4 Qf7 19.Qb5 Rac8 20.Rac1 Nd5 21.Bd6 Rfd8 22.Be5 Nc3
23.Qb2 Na4 24.Qb4 Nb6 25.Rxc8 Rxc8 26.h4 Bxa2 27.a4 Bd5 28.a5 Nd7 29.Bf4 Rc4
30.Qd6 Rc6 31.Qb4 Nf6 32.Bh3 Qd7 33.Be5 h6 34.Qd2 Kh7 35.Rc1 Ng8 36.Rxc6 Bxc6
37.Qf4 Ne7 38.Bd6 g6 39.h5 Nd5 40.hxg6+ Kxg6 41.Qe5 Qf7 42.g4 Bd7 43.gxf5+ Bxf5
44.Bg2 Nf6 45.f3 exf3 46.Bxf3 Qb3 47.Be7 Qb1+ 48.Kg2 Qc2+ 49.Kg3 Nh5+ 50.Bxh5+ Kxh5
51.Bc5 Qd3+ 52.Kf2 a6 53.Bd6 Qd2+ 54.Kg3 Qg5+ 55.Kf2 Bd7 56.Be7 Qxe5 57.dxe5 Kg4
58.Kg2 Be6 59.Bc5 h5 60.Be7 h4 61.Bd6 Kf4 62.Bc7 Ke4 63.Kh2 Kd5 64.Kg2 b5
65.axb6 Kc6 66.Bd8 h3+ 67.Kg3 Kb7 68.Bg5 Kxb6 69.Kf2 a5 70.Bf4 a4 71.Bc1 Kb5  0-1

[Event "7th Americas Continental 2012"]
[Site "Mar del Plata ARG"]
[Date "2012.10.13"]
[Round "2.54"]
[White "Batista,Ger"]
[Black "Etchevest,Marcelo"]
[Result "1-0"]
[WhiteElo "2233"]
[BlackElo "1744"]

1.e4 c5 2.c3 Nf6 3.e5 Nd5 4.d4 cxd4 5.Nf3 Nc6 6.cxd4 d6 7.Bc4 dxe5 8.Nxe5 e6
9.O-O Be7 10.Bb5 Bd7 11.Nxd7 Qxd7 12.Nc3 O-O 13.Qf3 Rfd8 14.Rd1 Rac8 15.Be3 a6
16.Bd3 Ncb4 17.Nxd5 Nxd5 18.a3 Nf6 19.Rac1 Qd5 20.Qe2 Bd6 21.h3 Bb8 22.Rc5 Qd6
23.g3 Ba7 24.Bf4 Qd7 25.Rxc8 Rxc8 26.Be5 Qe7 27.Qf3 Nd5 28.Be4 f6 29.Bf4 Nxf4
30.Qxf4 Bxd4 31.Rxd4 e5 32.Bd5+ Kf8 33.Qg4 Rc2 34.Rc4  1-0

[Event "Trans-Europa-Schach-Express 2012"]
[Site "Potsdam GER"]
[Date "2012.10.13"]
[Round "5.2"]
[White "Petrov,Pa"]
[Black "Haasler,A"]
[Result "0-1"]
[WhiteElo "2160"]
[BlackElo "2260"]

1.e4 c5 2.c3 Nf6 3.e5 Nd5 4.d4 cxd4 5.Nf3 e6 6.cxd4 b6 7.Bd3 Be7 8.O-O Bb7
9.Re1 d6 10.Nbd2 Nd7 11.Ne4 dxe5 12.dxe5 O-O 13.Bg5 Nxe5 14.Nxe5 Bxg5 15.Qg4 h6
16.Ng3 Nf6 17.Qa4 Qd5 18.Bf1 Bd2 19.Re2 Qa5 20.Qc2 Bf4 21.Nd3 Rac8 22.Qb3 Bb8
23.Nb4 Rfd8 24.Ree1 Nd5 25.Nxd5 Qxd5 26.Qe3 Qc5 27.Qxc5 Rxc5 28.Red1 Rxd1
29.Rxd1 Bd5 30.a3 Be5 31.b4 Rc3 32.a4 Ra3 33.Bb5 Bc3 34.h3 Bxb4 35.Ne2 Bc5
36.Nf4 Ra2 37.Nxd5 exd5 38.Rxd5 Bxf2+ 39.Kh2 Bc5 40.Bd3 g6 41.Bb5 Kg7 42.Rd7 h5
43.h4 a6 44.Bc6 Ra1 45.Ra7 a5 46.Rd7 Bg1+ 47.Kg3 Ra3+ 48.Kf4 Be3+ 49.Ke4 Bc5
50.Kd5 Rd3+ 51.Kc4 Rxd7 52.Bxd7 Kf6 53.Kb5 Bf2 54.Kc6 Ke7 55.Bc8 f6 56.Ba6 Bxh4
57.Kxb6 Be1 58.Bd3 g5 59.Kc6 Ke6 60.Kc5 Ke5 61.Kc4 h4 62.Be2 Kf4 63.Kd3 Kg3
64.Ke4 Kxg2 65.Bf3+ Kg3 66.Bh1 g4  0-1

[Event "7th Americas Continental 2012"]
[Site "Mar del Plata ARG"]
[Date "2012.10.14"]
[Round "4.29"]
[White "De Dovitiis,A"]
[Black "Andrade,Rob"]
[Result "1-0"]
[WhiteElo "2348"]
[BlackElo "2187"]

1.e4 c5 2.c3 Nf6 3.e5 Nd5 4.Nf3 Nc6 5.d4 cxd4 6.cxd4 e6 7.Nc3 Nxc3 8.bxc3 d5
9.Bd3 Be7 10.h4 h6 11.h5 Bd7 12.Rh3 Na5 13.Rg3 Kf8 14.Ng1 Bh4 15.Rh3 f5 16.exf6 Bxf6
17.Rf3 Kg8 18.Ne2 Rc8 19.Rb1 b6 20.Nf4 Kf7 21.Ng6 Re8 22.Bc2 Kg8 23.Qd3 Nc4
24.Ne5 Bc6 25.Qh7+ Kf8 26.Nxc4  1-0

[Event "Copenhagen Cup IMB 2012"]
[Site "Copenhagen DEN"]
[Date "2012.10.17"]
[Round "1.4"]
[White "Nielsen,LA"]
[Black "Rendboe,J"]
[Result "1-0"]
[WhiteElo "2260"]
[BlackElo "2233"]

1.e4 c5 2.c3 Nf6 3.e5 Nd5 4.Nf3 e6 5.d4 cxd4 6.cxd4 d6 7.Bc4 dxe5 8.dxe5 Bb4+
9.Bd2 Nc6 10.O-O Bxd2 11.Nbxd2 O-O 12.Ne4 Rb8 13.Qe2 Nf4 14.Qe3 Ng6 15.Nc3 Qa5
16.Rfe1 b5 17.Bb3 Bb7 18.Bc2 b4 19.Na4 Nce7 20.b3 Rbc8 21.Bxg6 Nxg6 22.Nb2 Rc3
23.Nc4 Qd5 24.Qd4 Rxf3 25.Qxd5 exd5 26.Nd6 Rc3 27.Nxb7 h5 28.Nd6 a6 29.g3 h4
30.Kg2 Rd8 31.Rad1 hxg3 32.hxg3 f6 33.Rxd5 fxe5 34.Red1 Rc2 35.R1d2 Rxd2
36.Rxd2 Rf8 37.Ne4 a5 38.Rd5 Ra8 39.Rb5 Ra6 40.Nc5 Ra7 41.Rb7 Ra8 42.Ne6 Kh7
43.Nxg7 Kh6 44.Nf5+ Kg5 45.Ne3 Ra6 46.Nc4 Kf5 47.Rb5 a4 48.Rxb4 axb3 49.axb3 Ne7
50.Rb5 Nc6 51.Nd6+ Ke6 52.Ne4 Ra3 53.Nd2 Nd4 54.Rxe5+ Kxe5 55.Nc4+ Ke4 56.Nxa3 Nxb3
57.Nc4 Nd4 58.Nd2+ Kf5 59.f3 Ne6 60.Nc4 Kg5 61.Kf2 Kf5 62.Ke3 Kg5 63.Nd6 Kf6
64.f4 Ke7 65.Ne4  1-0

[Event "NIT Nagpur GM Open 2012"]
[Site "Nagpur IND"]
[Date "2012.10.18"]
[Round "4.12"]
[White "Kulkarni,R"]
[Black "Narayanan,Sri"]
[Result "0-1"]
[WhiteElo "2280"]
[BlackElo "2448"]

1.e4 c5 2.c3 Nf6 3.e5 Nd5 4.Bc4 Nb6 5.Bb3 c4 6.Bc2 d6 7.exd6 Qxd6 8.Nf3 Nc6
9.O-O Bg4 10.Qe2 Qf6 11.Na3 Bxf3 12.gxf3 e6 13.Nxc4 Nxc4 14.Qxc4 Bd6 15.d4 Qh4
16.f4 g5 17.Be4 gxf4 18.f3 Ke7 19.Bd2 Rag8+ 20.Kh1 Rg5 21.Qe2 Rhg8 22.Rg1 Kf6
23.Rxg5 Rxg5 24.Rg1 Rxg1+ 25.Kxg1 Qh5 26.b4 Ne7 27.c4 Nf5 28.Bc3 Ne3 29.c5 Bc7
30.Bxb7 Qg6+ 31.Kf2 Qg2+ 32.Ke1 Qg1+ 33.Kd2 Qb1 34.d5+ e5 35.Qa6+ Kg7 36.Qa4 Nc4+
37.Ke2 Qc1 38.Qb3 Qe3+ 39.Kd1 Qxf3+ 40.Kc1 Qe3+ 41.Kb1 Qd3+ 42.Kc1 f3 43.Be1 Qe2
44.Bh4 Bd8 45.Bxd8 Qe1+ 46.Kc2 Ne3+ 47.Kb2 Qe2+ 48.Ka3 f2 49.Qc3 Nc4+ 50.Ka4 f1=Q
51.Qg3+ Kh8 52.Qg5 Nb6+  0-1

[Event "Advokatfirmaet Finn GpA"]
[Site "Harstad NOR"]
[Date "2012.10.19"]
[Round "3"]
[White "Larsen,Martin Halsvik"]
[Black "Sahl,S"]
[Result "0-1"]
[WhiteElo "2024"]
[BlackElo "2234"]

1.e4 c5 2.c3 Nf6 3.e5 Nd5 4.Nf3 Nc6 5.d4 cxd4 6.cxd4 e6 7.Nc3 d6 8.Nxd5 exd5
9.Be2 dxe5 10.dxe5 Bc5 11.O-O Be6 12.Qc2 Bb6 13.b3 O-O 14.Bd3 h6 15.Ba3 Re8
16.h3 d4 17.Rfe1 Ba5 18.Re2 Rc8 19.Bh7+ Kh8 20.Qd3 Bc3 21.Rd1 Qa5 22.Bd6 Nb4
23.Qb1 Qa6 24.Kf1 Nd5 25.Qe4 g6 26.Bxg6 fxg6 27.Nxd4 Bxd4 28.Qxd4 Nc3  0-1

[Event "NIT Nagpur GM Open 2012"]
[Site "Nagpur IND"]
[Date "2012.10.19"]
[Round "6.7"]
[White "Himanshu,Sh"]
[Black "Narayanan,Sri"]
[Result "1-0"]
[WhiteElo "2393"]
[BlackElo "2448"]

1.e4 c5 2.c3 Nf6 3.e5 Nd5 4.d4 cxd4 5.Nf3 e6 6.cxd4 d6 7.Bc4 Be7 8.O-O O-O
9.Qe2 Nc6 10.a3 b6 11.Bd2 Bb7 12.Nc3 dxe5 13.dxe5 Nxc3 14.Bxc3 a6 15.Rfd1 Qc7
16.h4 b5 17.Bd3 g6 18.h5 Rfd8 19.Nh2 Nd4 20.Qe3 Qc6 21.Qh3 Nb3 22.Rab1 Nc5
23.Bf1 Ne4 24.hxg6 hxg6 25.Ng4 Nxc3 26.bxc3 Qe4 27.Rb4 Qc2 28.Re1 Qd2 29.Re3 Qc1
30.Rd4 Rxd4 31.cxd4 Qd1 32.Rd3 Qc1 33.Rc3 Qg5 34.Rc7 Kg7 35.Rxe7 Bxg2 36.Qxg2 Rd8
37.Nf6  1-0

[Event "Copenhagen Cup IMA 2012"]
[Site "Copenhagen DEN"]
[Date "2012.10.21"]
[Round "9.3"]
[White "Eriksson,C"]
[Black "Ochsner,B"]
[Result "0-1"]
[WhiteElo "2098"]
[BlackElo "2322"]

1.e4 c5 2.c3 Nf6 3.e5 Nd5 4.Nf3 e6 5.d4 cxd4 6.cxd4 d6 7.Bc4 Nc6 8.O-O Be7
9.Qe2 O-O 10.Nc3 Nxc3 11.bxc3 dxe5 12.dxe5 Qc7 13.Bd3 b6 14.Qe4 g6 15.Bh6 Rd8
16.Rfe1 Bb7 17.Rac1 Rd5 18.Bb1 Na5 19.Qf4 Rc8 20.Ng5 Bxg5 21.Bxg5 f5 22.Bf6 Qc6
23.f3 Qc4 24.Qh6 Qc5+ 25.Kh1 Qf8 26.Qg5 Rc7 27.h4 Nc4 28.h5 Qe8 29.a4 Rd2
30.Rcd1 Rcd7 31.Rxd2 Rxd2 32.Qf4 Bd5 33.Qh6 Qf8 34.Qg5 Qf7 35.Kg1 Qe8 36.Qh6 Qf8
37.Qg5 Qc5+ 38.Kh1 Bxf3 39.Rg1 Qf2 40.hxg6 h6 41.Qh4 Bxg2+ 42.Kh2 Qf3 43.Bg5 Rb2
44.Bd2 Rxd2  0-1

[Event "7th Americas Continental Playoff 2012"]
[Site "Mar del Plata ARG"]
[Date "2012.10.21"]
[Round "3.2"]
[White "Kaidanov,G"]
[Black "Flores,Di"]
[Result "1-0"]
[WhiteElo "2587"]
[BlackElo "2598"]

1.e4 c5 2.c3 Nf6 3.e5 Nd5 4.Nf3 e6 5.Bc4 Nb6 6.Bb3 Nc6 7.d4 cxd4 8.cxd4 d6
9.Qe2 Be7 10.O-O O-O 11.Nc3 dxe5 12.dxe5 Nd4 13.Nxd4 Qxd4 14.Rd1 Qc5 15.Bf4 Bd7
16.Ne4 Qb4 17.Bg3 Bc6 18.Nd6 Bxd6 19.exd6 Rad8 20.Be5 Nd7 21.Bc3 Qc5 22.Qg4 e5
23.Rac1 Nf6 24.Qh4 Ne4 25.Be1 Qb6 26.Rxc6 Qxc6 27.Bd5 Qa4 28.Bxe4 g6 29.b3 Qxa2
30.Qg3 Rfe8 31.Qc3 Rd7 32.h3 Red8 33.Qxe5 Qxb3 34.Rd5 Rc8 35.Rd3 Qe6 36.Qxe6 fxe6
37.Bc3 b5 38.Ba5 Rc4 39.f3 Kf7 40.Bc7 Kf6 41.Ra3 Rdxc7 42.dxc7 Rxc7 43.Ra5 b4
44.Rb5 Rc4 45.Kf2 a6 46.Ra5 b3 47.Rxa6 Rb4 48.Ra1 h5 49.h4 g5 50.hxg5+ Kxg5
51.Rb1 h4 52.Re1 b2 53.Bb1 Kf6 54.Re4 Rxe4 55.fxe4 Kg5 56.Kf3 e5 57.Ba2 Kh5
58.Bb1 Kg5 59.Bc2 Kh5 60.g3 h3 61.g4+ Kh4 62.g5 Kxg5 63.Kg3 h2 64.Kxh2 Kf4
65.Kh3 Ke3 66.Kg4 Kd2 67.Bb1 Kc1 68.Ba2  1-0

[Event "TCh-SUI National A 2012"]
[Site "Switzerland SUI"]
[Date "2012.10.21"]
[Round "9.2"]
[White "Hickl,J"]
[Black "Gallagher,Jo"]
[Result "1-0"]
[WhiteElo "2561"]
[BlackElo "2502"]

1.e4 c5 2.c3 Nf6 3.d3 d5 4.Nd2 Nc6 5.Ngf3 e5 6.a3 Be7 7.b4 a6 8.Be2 O-O 9.O-O b5
10.bxc5 Bxc5 11.exd5 Qxd5 12.Ng5 Bb7 13.Nge4 Nxe4 14.dxe4 Qd8 15.a4 b4 16.Nb3 Bd6
17.Bb2 Qe7 18.Bc4 Rac8 19.Qe2 bxc3 20.Bxc3 Bb4 21.Bb2 a5 22.Rfd1 Rfd8 23.Bd5 Nd4
24.Nxd4 exd4 25.Bxb7 Qxb7 26.Rxd4 Rxd4 27.Bxd4 Bc3 28.Bxc3 Rxc3 29.h4 h6
30.Rd1 Rc8 31.e5 Qe7 32.Qe4 Rc5 33.Re1 h5 34.g3 Qe6 35.Qd4 Rd5 36.Qc3 g6
37.Kg2 Kh7 38.Re4 f6 39.Qc7+ Kh8 40.Qb8+ Kh7 41.Qb7+ Kh6 42.exf6  1-0

[Event "TCh-SUI National A 2012"]
[Site "Switzerland SUI"]
[Date "2012.10.21"]
[Round "9.3"]
[White "Marciano,D"]
[Black "Buss,Ra"]
[Result "1/2-1/2"]
[WhiteElo "2514"]
[BlackElo "2408"]

1.e4 c5 2.c3 Nf6 3.e5 Nd5 4.d4 cxd4 5.Nf3 Nc6 6.Bc4 Nb6 7.Bb3 d6 8.exd6 Qxd6
9.Na3 dxc3 10.Qxd6 exd6 11.Nb5 Rb8 12.Ng5 d5 13.bxc3 Be6 14.Bf4 Rc8 15.O-O  1/2-1/2

[Event "Danilo Batricevic Mem Balkan GP"]
[Site "Cetinje MNE"]
[Date "2012.10.22"]
[Round "4.1"]
[White "Savic,Miod1"]
[Black "Spasov,V"]
[Result "1/2-1/2"]
[WhiteElo "2531"]
[BlackElo "2566"]

1.e4 c5 2.c3 Nf6 3.e5 Nd5 4.Nf3 e6 5.g3 Nc6 6.Bg2 d6 7.exd6 Bxd6 8.O-O O-O
9.d4 cxd4 10.Nxd4 Nxd4 11.Qxd4 Qc7  1/2-1/2

[Event "16th Unive Open"]
[Site "Hoogeveen NED"]
[Date "2012.10.23"]
[Round "5"]
[White "Go,B"]
[Black "Haver,Bas"]
[Result "1-0"]
[WhiteElo "2175"]
[BlackElo "2044"]

1.e4 c5 2.c3 Nf6 3.e5 Nd5 4.Nf3 Nc6 5.Bc4 Nb6 6.Bb3 c4 7.Bc2 d6 8.exd6 e5
9.d4 exd4 10.Qe2+ Be6 11.Nxd4 Nxd4 12.cxd4 Bxd6 13.Nc3 O-O 14.O-O Qh4 15.g3 Qg4
16.Qxg4 Bxg4 17.Be4 Rab8 18.Nb5 Nc8 19.Bd5 Be2 20.Re1 Bd3 21.Bg5 Bb4 22.Bf4 Bxe1
23.Bxb8 Re8 24.Be5 Ba5 25.Bxb7 f6 26.Bf4 g5 27.Be3 Ne7 28.d5 a6 29.Nd6 Rd8
30.Bc5 Ng6 31.Bxa6 Bb6 32.Nb7 Ra8 33.Bxb6 Rxa6 34.Bd4 Kf7 35.a3 Ne7 36.d6 Nc6
37.d7 Ke7 38.Re1+ Kxd7 39.Nc5+ Kd6 40.Nxa6 Nxd4 41.Rd1 Ke5 42.Nc5 Bf5 43.f4+ gxf4
44.gxf4+ Kd5 45.Na4 Ke4 46.Nc3+ Ke3 47.Nd5+ Ke4 48.Nxf6+ Ke3 49.Nd5+ Ke4
50.Nc3+ Ke3 51.Rxd4 Kxd4 52.Kf2 Kd3 53.a4 Kc2 54.Ke3 Kxb2 55.Kd4 Kb3 56.a5 Bc8
57.Nd5 Bb7 58.Ne3 c3 59.f5 Ba6 60.f6 Bc4 61.a6  1-0

[Event "ITT La Razon 2012"]
[Site "Villa Martelli ARG"]
[Date "2012.10.23"]
[Round "1.2"]
[White "Maggiolo,E"]
[Black "Feliciano,V"]
[Result "0-1"]
[WhiteElo "2054"]
[BlackElo "2268"]

1.e4 c5 2.c3 Nf6 3.e5 Nd5 4.d4 cxd4 5.Nf3 g6 6.Bc4 Nb6 7.Bb3 Bg7 8.cxd4 O-O
9.O-O d6 10.h3 Nc6 11.Bf4 Bf5 12.Nc3 dxe5 13.dxe5 Qc8 14.Re1 Rd8 15.Qe2 Bd3
16.Qe3 Nc4 17.Bxc4 Bxc4 18.Rad1 Qf5 19.b3 Be6 20.Nb5 Rxd1 21.Rxd1 Qc2 22.Rd2 Qb1+
23.Kh2 Bf5 24.g4 Be6 25.Nc7 Rf8 26.Bg3 Bc8 27.Nd4 Nxd4 28.Qxd4 b6 29.Qd3 Qa1
30.Qd4 Qc1 31.Nd5 Bb7 32.Rd1 Qa3 33.Qb4 Qxa2 34.Nxe7+ Kh8 35.Qc4 Qb2 36.Re1 Qd2
37.Qe2 Qb4 38.Bh4 Qxb3 39.Bf6 Qc3 40.Qe3 Qxe3 41.Rxe3 h6 42.f4 Ra8 43.f5 gxf5
44.Nxf5 Bxf6 45.exf6 Kh7 46.Re7 Bd5 47.Ne3 Bc6 48.Nf5 Kg6 49.Rc7 a5 50.Kg3 a4
51.Kf4 a3  0-1

[Event "16th Unive Open"]
[Site "Hoogeveen NED"]
[Date "2012.10.24"]
[Round "6"]
[White "Potze,R"]
[Black "Padurariu,I"]
[Result "0-1"]
[WhiteElo "2124"]
[BlackElo "2236"]

1.e4 c5 2.c3 Nf6 3.e5 Nd5 4.Nf3 e6 5.d4 cxd4 6.cxd4 d6 7.a3 Nc6 8.Bd3 g6
9.O-O Bg7 10.Re1 O-O 11.b4 dxe5 12.dxe5 Qc7 13.Bb2 Rd8 14.Qb3 Bd7 15.Nc3 Nxc3
16.Bxc3 Ne7 17.Rac1 Rac8 18.b5 Nd5 19.Bd2 Qb6 20.a4 a5 21.Be4 Bf8 22.Bg5 Re8
23.Bxd5 exd5 24.Qxd5 Be6 25.Qe4 Bc4 26.Qh4 Bd5 27.Bf6 Bxf3 28.gxf3 h5 29.Kg2 Bb4
30.Rxc8 Rxc8 31.Rd1 Qe6 32.Qe4 b6 33.Qb7 Bc5 34.Rd7 Rf8 35.Qc7 Qa2 36.Bh4 g5
37.Rd8 gxh4 38.Rxf8+ Bxf8 39.Qxb6 Qxa4 40.e6 h3+ 41.Kxh3 Qf4 42.exf7+ Kxf7
43.Qb7+ Kf6 44.Kg2 Bd6 45.Qd7 Qxh2+ 46.Kf1 Qe5 47.b6 Qe6 48.Qb5 Qh3+ 49.Ke2 Qf5
50.Qa6 Qc2+ 51.Ke3 Bc5+ 52.Kf4 Qf5+ 53.Kg3 h4+ 54.Kh2 Bd6+ 55.Kg1 Qb1+ 56.Kg2 h3+
57.Kxh3 Qh1+ 58.Kg4 Qg2+  0-1

[Event "16th OIBM 2012"]
[Site "Bad Wiessee GER"]
[Date "2012.10.27"]
[Round "1.6"]
[White "Hirstel,S"]
[Black "Nyzhnyk,I"]
[Result "0-1"]
[WhiteElo "1932"]
[BlackElo "2620"]

1.e4 c5 2.c3 Nf6 3.d3 d6 4.f4 g6 5.Nf3 Bg7 6.Be2 Nc6 7.O-O c4 8.Be3 Ng4 9.Qd2 cxd3
10.Bxd3 O-O 11.Bd4 e5 12.Be3 Nxe3 13.Qxe3 Bh6 14.g3 exf4 15.gxf4 d5 16.exd5 Re8
17.Qc5 Bxf4 18.Kg2 Be3 19.Qb5 Ne5 20.Nbd2 Bd7  0-1

[Event "16th Unive Open"]
[Site "Hoogeveen NED"]
[Date "2012.10.27"]
[Round "9"]
[White "Van Osch,Mees"]
[Black "Haver,Daan"]
[Result "1-0"]
[WhiteElo "2083"]
[BlackElo "1985"]

1.e4 c5 2.c3 Nf6 3.e5 Nd5 4.d4 cxd4 5.Nf3 Nc6 6.Bc4 Nb6 7.Bb3 d5 8.exd6 Qxd6
9.O-O Be6 10.Na3 dxc3 11.Qe2 Bxb3 12.Nb5 Qb8 13.axb3 e6 14.g3 cxb2 15.Bxb2 Nd5
16.Rfd1 Be7 17.Bxg7 Rg8 18.Bb2 a6 19.Nbd4 Qc7 20.Rac1 Qd7 21.Nxc6 bxc6 22.Ne5 Qb7
23.Qh5 Bf6 24.Rxc6 Nf4 25.Qf3 Nh3+ 26.Kg2 Nf4+ 27.Kh1 Nd5 28.Rxd5 exd5 29.Rxf6 Rg7
30.Nc6 Qb5 31.Kg2 Qc5 32.Bd4 Qb5 33.Rd6  1-0

[Event "Chigorin Memorial"]
[Site "St Petersburg RUS"]
[Date "2012.10.27"]
[Round "1.100"]
[White "Maksimov,Dmitri"]
[Black "Tilicheev,V"]
[Result "0-1"]
[WhiteElo "1982"]
[BlackElo "2397"]

1.e4 c5 2.c3 Nf6 3.e5 Nd5 4.Nf3 Nc6 5.Bc4 Nb6 6.Bb3 c4 7.Bc2 g5 8.h3 Bg7
9.Qe2 Qc7 10.O-O Nxe5 11.Nxg5 d5 12.a4 h6 13.Nf3 Nbd7 14.Re1 e6 15.Nxe5 Qxe5
16.Qd1 Qc7 17.d4 cxd3 18.Bxd3 Nc5 19.Bb5+ Kf8 20.Qxd5 a6 21.Bf4 axb5 22.Bxc7 exd5
23.Bd6+ Kg8 24.Bxc5 bxa4 25.Re8+ Kh7 26.Re7 Kg6 27.Na3 Be6 28.Rxb7 Rhb8 29.Rb4 d4
30.cxd4 Rxb4 31.Bxb4 Bxd4 32.Bc3 Bxc3 33.bxc3 Rb8 34.Rb1 Rb3 35.Rxb3 axb3
36.Kf1 b2 37.Ke2 Ba2 38.Ke3 b1=Q 39.Nxb1 Bxb1 40.Kd4 Kf5 41.g3 Ba2 42.f4 h5
43.Ke3 Bd5 44.Kf2 Ke4 45.Ke2 Be6  0-1

[Event "Chigorin Memorial"]
[Site "St Petersburg RUS"]
[Date "2012.10.27"]
[Round "1.20"]
[White "Nunez Lucero,F"]
[Black "Lenderman,A"]
[Result "0-1"]
[WhiteElo "2186"]
[BlackElo "2614"]

1.e4 c5 2.c3 Nf6 3.e5 Nd5 4.d4 cxd4 5.Nf3 e6 6.cxd4 d6 7.Bc4 Be7 8.O-O O-O
9.exd6 Qxd6 10.Nc3 Nc6 11.Re1 Rd8 12.Bxd5 exd5 13.Ne5 Nxe5 14.Rxe5 Be6 15.Re1 Rac8
16.Qb3 Qd7 17.Be3 Rc4 18.a3 Rdc8 19.Rac1 Bd6 20.Qd1 Bxa3 21.bxa3 Rxc3 22.Rxc3 Rxc3
23.Bc1 Qb5 24.Qd2 Qc4 25.Qf4 h6 26.a4 Kh7 27.a5 Rd3 28.h3 Rxd4 29.Qb8 Re4
30.Rxe4  0-1

[Event "Chigorin Memorial"]
[Site "St Petersburg RUS"]
[Date "2012.10.27"]
[Round "1.110"]
[White "Maltsev,L"]
[Black "Baghdasaryan,V"]
[Result "1/2-1/2"]
[WhiteElo "1947"]
[BlackElo "2373"]

1.e4 c5 2.c3 Nf6 3.e5 Nd5 4.d4 cxd4 5.Nf3 e6 6.cxd4 d6 7.a3 Bd7 8.Bd3 Bc6
9.O-O Nd7 10.b4 a6 11.Re1 dxe5 12.dxe5 Be7 13.Nbd2 Nf4 14.Be4 Rc8 15.Nf1 Bxe4
16.Rxe4 Nd5 17.Rg4 Kf8 18.Rd4 Qc7 19.Bb2 Nxe5 20.Nxe5 Qxe5 21.Rc4 Qb8 22.Qg4 Bf6
23.Bxf6 Nxf6 24.Rxc8+ Qxc8 25.Qg5 h6 26.Rc1 Qb8 27.Qg3 Qxg3 28.hxg3 Ne8 29.Rc8 Ke7
30.Rb8 Kd7 31.Rxb7+ Nc7 32.Rb6 Rd8 33.Ne3 Kc8 34.a4 Rd4 35.Kf1 a5 36.Ke2 Rxb4
37.Rxb4 axb4 38.Kd3 Na6 39.Kc4 Kc7 40.Nc2 b3 41.Kxb3 Nc5+ 42.Kb4 Nd3+ 43.Kb5 Nxf2
44.a5 Ne4 45.g4 g6 46.a6 e5 47.Ne3 Nf6 48.Kc5 h5 49.gxh5 gxh5 50.a7 Kb7  1/2-1/2

[Event "TCh-CZE Div1 Zapad 2012-13"]
[Site "Czech Republic CZE"]
[Date "2012.10.28"]
[Round "1.5"]
[White "Bujnoch,R"]
[Black "Prymula,R"]
[Result "0-1"]
[WhiteElo "2207"]
[BlackElo "2263"]

1.e4 c5 2.c3 Nf6 3.e5 Nd5 4.Bc4 Nb6 5.Bb3 Nc6 6.Nf3 d5 7.exd6 Qxd6 8.Na3 a6
9.O-O Be6 10.d4 cxd4 11.Bxe6 Qxe6 12.Nxd4 Nxd4 13.Qxd4 Rd8 14.Qh4 h5 15.h3 Qc6
16.Qg3 g6 17.Nc2 Bg7 18.Bg5 f6 19.Be3 Kf7 20.Nb4 Qb5 21.b3 Nd5 22.Nxd5 Qxd5
23.c4 Qa5 24.Qf3 Rd7 25.Rfd1 Rhd8 26.Rxd7 Rxd7 27.Rd1 Qd8 28.Rxd7 Qxd7 29.Bb6 e5
30.b4 f5 31.Qb3 Bf6 32.a4 e4 33.a5 Be5 34.b5 Qd2 35.g3 h4 36.c5+ Kg7 37.c6 hxg3
38.fxg3 bxc6 39.bxa6 Qe1+ 40.Kg2 Qe2+ 41.Bf2 Bd4  0-1

[Event "Chigorin Memorial"]
[Site "St Petersburg RUS"]
[Date "2012.10.29"]
[Round "3.128"]
[White "Maltsev,L"]
[Black "Kiselev,P"]
[Result "1/2-1/2"]
[WhiteElo "1947"]
[BlackElo "2188"]

1.e4 c5 2.c3 Nf6 3.e5 Nd5 4.d4 d6 5.Nf3 Nc6 6.c4 Nc7 7.exd6 exd6 8.d5 Ne5
9.Nxe5 dxe5 10.Nc3 Be7 11.Bd3 O-O 12.O-O f5 13.f3 Ne8 14.Re1 Bf6 15.Be3 b6
16.Qc2 Nd6 17.Bf2 Rb8 18.Rab1 Rb7 19.a3 Rc7 20.Re2 Re8 21.Rbe1 Ree7 22.Bg3 Qe8
23.Nb5 Nxb5 24.cxb5 Qd7 25.Bxe5 Bxe5 26.Rxe5 Rxe5 27.Rxe5 Qd6 28.Qe2 g6 29.Bc4 Kg7
30.Re8 Qf6 31.Kh1 f4 32.h3 Bf5 33.Qe5 Qxe5 34.Rxe5 Kf6 35.Re8 Re7 36.Rxe7 Kxe7
37.Kg1 Kd6 38.Kf2 Ke5 39.Ke2 Kd4 40.b3 g5 41.Kf2 h6 42.g4 fxg3+ 43.Kxg3 Ke5
44.h4 gxh4+ 45.Kxh4 Bg6 46.Kg4 Be8 47.f4+ Ke4 48.d6 Bd7+ 49.Kh5 Kxf4 50.Kxh6 Ke5
51.Kg5 Bc8 52.Bf7 Be6 53.Bxe6 Kxe6 54.Kf4 Kxd6 55.Ke4 Ke6 56.Kd3 Kd5 57.Kc3 Ke4
58.Kc4 Ke5 59.a4 Kf4 60.Kd5 Ke3 61.Kc6 Kd4 62.Kb7 Kc3 63.Kxa7 Kxb3 64.Kxb6 c4
65.Ka5 c3 66.b6 c2 67.b7 c1=Q 68.b8=Q+ Ka3 69.Qd6+ Ka2 70.Qd5+ Ka1 71.Qd4+ Ka2
72.Qd5+ Ka3 73.Qd3+ Ka2 74.Qb5 Qc7+ 75.Qb6 Qc3+ 76.Ka6 Qc4+ 77.Qb5 Qc8+ 78.Ka7 Qc7+
79.Qb7 Qa5+ 80.Qa6 Qc7+  1/2-1/2

[Event "Chigorin Memorial"]
[Site "St Petersburg RUS"]
[Date "2012.10.29"]
[Round "3.19"]
[White "Mammadov,Z"]
[Black "Savchenko,B"]
[Result "1/2-1/2"]
[WhiteElo "2442"]
[BlackElo "2540"]

1.e4 c5 2.c3 Nf6 3.e5 Nd5 4.Nf3 Nc6 5.d4 cxd4 6.cxd4 g6 7.Bc4 Nb6 8.Bb3 Bg7
9.O-O d6 10.Bf4 O-O 11.exd6 Bg4 12.h3 Bxf3 13.Qxf3 exd6 14.Nc3 d5 15.Be3 Bxd4
16.Bh6 Bg7 17.Bxg7 Kxg7 18.Nxd5 Nxd5 19.Bxd5 Qf6 20.Qxf6+ Kxf6 21.Rac1 Rac8
22.Rc3 Nb4 23.Rf3+ Kg7 24.Bxb7 Rb8 25.Be4 Nxa2 26.Ra3 Rxb2 27.Rxa7 Nc3 28.Bd3 Ne2+
29.Kh2 Nf4 30.Bc4 Rc2 31.Ba2 Ne2 32.Bb3 Rb2 33.Bc4 Rc2 34.Bb3 Rb2 35.Bc4 Rc2
36.Bb3 Rb2  1/2-1/2

[Event "Chigorin Memorial"]
[Site "St Petersburg RUS"]
[Date "2012.11.01"]
[Round "6.123"]
[White "Nedostup,D"]
[Black "Maksimov,Dmitri"]
[Result "1-0"]
[WhiteElo "2152"]
[BlackElo "1982"]

1.e4 c5 2.c3 Nf6 3.e5 Nd5 4.d4 cxd4 5.cxd4 Nc6 6.Nc3 Nxc3 7.bxc3 d6 8.f4 dxe5
9.fxe5 g6 10.Nf3 Bg7 11.Bd3 O-O 12.O-O Be6 13.Ng5 Nxd4 14.Bxg6 hxg6 15.cxd4 Bc4
16.Re1 Qd5 17.Qg4 Rfc8 18.Qh4 Bb5 19.Qh7+ Kf8 20.Nf3 Rxc1 21.Raxc1 Qxa2 22.e6 Bc6
23.Qh3 f5 24.Kh1 a5 25.Nh4 Bxd4 26.Nxg6+ Ke8 27.Rxc6 bxc6 28.Qh6  1-0